El Ferrocarril de Lleida a Fraga : conferència donada per l'enginyer de la Mancomunitat de Catalunya Esteve Terrades conferència donada per l'enginyer de la Mancomunitat de Catalunya Esteve Terrades
Descripción Física:
45 p. ; 22 cm
Otros Autores:
Terrades, Esteve
MARC
| LEADER | 00000nam a2200000Ia 4500 | ||
|---|---|---|---|
| 001 | 18495 | ||
| 008 | 160829s1919 xx 000 0 cat d | ||
| 080 | |a RF-3-18 | ||
| 245 | |a El Ferrocarril de Lleida a Fraga : |b conferència donada per l'enginyer de la Mancomunitat de Catalunya Esteve Terrades | ||
| 260 | |a Lleida : |b Tipografia provincial de la Casa Misericòrdia, |c 1919 | ||
| 300 | |a 45 p. ; |c 22 cm | ||
| 590 | |a Prové de 3199, exp. 1. | ||
| 590 | |a Inclou el Real Decret | ||
| 610 | 2 | 0 | |a Catalunya. |b Mancomunitat |9 53015 |
| 650 | |a Ferrocarrils |x Construcció |9 40018 | ||
| 700 | |a Terrades, Esteve |9 34714 | ||
| 856 | 4 | |u https://media.diba.cat/diba/fitxers/arxiu/fulletons/bib_18495_1919_baixa.pdf |y Accés lliure | |
| 856 | 4 | |u https://media.diba.cat/diba/fitxers/arxiu/fulletons/bib_18495_1919_baixa.pdf |y Accés lliure | |
| 901 | |a Arxiu | ||
| 942 | |n 1 |2 udc | ||
| 952 | |0 0 |1 0 |4 0 |6 RF318 |7 1 |9 53772 |a Arxiu |b Arxiu |d 2016-12-01 |l 0 |o RF-3-18 |p 18495 |r 2016-12-01 00:00:00 |w 2016-12-01 |y ARXIU | ||
| 999 | |c 57638 |d 57638 | ||
| 900 | |a bib_18495_1919_baixa.pdf | ||